书目信息 |
| 题名: |
中国天文学史
|
|
| 作者: | ;中国天文学史整理研究小组 编著 | |
| 分册: | ||
| 出版信息: | 北京 科学出版社 1981 |
|
| 页数: | 265页 | |
| 开本: | 25cm | |
| 丛书名: | ||
| 单 册: | ||
| 中图分类: | P1-092 | |
| 科图分类: | ||
| 主题词: | 天文学史--中国 | |
| 电子资源: | ||
| ISBN: | ||
| 000 | 00692nam0 2200229 45 | |
| 001 | 0181005010 | |
| 005 | 20041202105242.0 | |
| 010 | @dCNY2.10 | |
| 091 | @a13031.1523 | |
| 100 | @a19950609d1981 emky0chiy0121 ea | |
| 101 | 0 | @achi |
| 102 | @aCN@b110000 | |
| 105 | @ay z 000yy | |
| 200 | 10 | @a中国天文学史@Azhong guo tian wen xue shi@f中国天文学史整理研究小组编著@FZhong Guo Tian Wen Xue Shi Zheng Li Yan Jiu Xiao Zu Bian Zhu |
| 210 | @a北京@c科学出版社@d1981 | |
| 215 | @a265页@d25cm | |
| 606 | @a天文学史@y中国 | |
| 690 | @aP1-092@v3 | |
| 711 | 02 | @a中国天文学史整理研究小组@4编著 |
| 801 | 0 | @aCN@b上海图书馆@c20041202 |
| 801 | 2 | @aCN@bNLC@c20041202 |
| 905 | @f1@b158130@dP1-092@e48 | |
| 中国天文学史/中国天文学史整理研究小组编著.-北京:科学出版社,1981 |
| 265页;25cm |
| ISBN :CNY2.10 |
| ● |
| 相关链接 |
|
|
|
|
正题名:中国天文学史
索取号:P1-092/48
 
预约/预借
| 序号 | 登录号 | 条形码 | 馆藏地/架位号 | 状态 | 备注 |
| 1 | 0158130 | 000628654 | 第三借阅区/ [索取号:P1-092/48] | 在馆 | |
| 2 | 0158131 | 202101830 | 第二样本阅览室/ [索取号:P1-092/48] | 在馆 |